Retos y realidades del derecho procesal mexicano desde el enfoque de los derechos humanos

Detalles Bibliográficos
Autor principal: Da̕z Lp̤ez, Rosa Mara̕
Formato: eBook
Lenguaje:español
Publicado: Ciudad de Mx̌ico: Editorial vLex, 2020
Materias:
Acceso en línea:Acceso restringido

MARC

LEADER 00000nam a22000007a 4500
005 20200422173718.0
007 cr|||| ||||
008 200422s2020 mx |||||s|||| 00||0 spa d
020 |a 978-607-8685-18-9 
035 |a 31379 
040 |a vLex 
090 |c 10337  |d 10337 
100 1 |a Da̕z Lp̤ez, Rosa Mara̕ 
245 1 0 |a Retos y realidades del derecho procesal mexicano desde el enfoque de los derechos humanos  |h [Recurso electrn̤ico] /  |c Rosa Mara̕ Da̕z Lp̤ez 
256 |a Servicio en ln̕ea 
260 |a Ciudad de Mx̌ico:  |b Editorial vLex,  |c 2020 
300 |a 1 recurso electrn̤ico 
506 1 |a Disponible solo en los productos indicados  |d vLex Global  |d vLex Global (Academic Edition, excluding Law Schools)  |d vLex Global (U.S. Academic Edition, Law Schools)  |d vLex Global (U.S. Academic Edition, excluding Law Schools)  |d vLex Global (Academic Edition, Law Schools) 
650 0 4 |a Derecho Procesal  |z Mx̌ico 
740 0 |a vLex Libros (Servicio en ln̕ea) 
856 4 0 |u http://vlex.com/source/retos-y-realidades-del-derecho-procesal-mexicano-desde-el-enfoque-de-los-derechos-humanos-31379  |z Acceso restringido 
942 |c BOOK 
999 0 |a Procedural law